Music Quiz

Random Music Quiz
Score 0/48 Timer 15:00
0 Plays Today
Act Single % Correct
Chris MontezLet's Dance
91.9%
David BowieLet's Dance
91.9%
5iveLet's Dance
91.9%
Craig DavidHot Stuff (Let's Dance)
91.9%
Lady Gaga feat. Colby O'DonisJust Dance
79%
Men Without HatsThe Safety Dance
77.4%
Whitney HoustonI Wanna Dance With Somebody (Who Loves Me)
75.8%
Dizzee Rascal feat. Calvin Harris & ChromeDance Wiv Me
72.6%
GenesisI Can't Dance
71%
Fall Out BoyDance Dance
69.4%
Debelah MorganDance With Me
66.1%
The MavericksDance The Night Away
58.1%
Eddy GrantI Don't Wanna Dance
54.8%
Olly MursDance With Me Tonight
50%
Roxy MusicDance Away
48.4%
ChicDance, Dance, Dance (Yowsah, Yowsah, Yowsah)
45.2%
Tina CharlesI Love To Love (But My Baby Loves To Dance)
43.5%
Sly and The Family StoneDance To The Music
41.9%
ChicEverybody Dance
41.9%
The DriftersSave The Last Dance For Me
40.3%
Brighouse and Rastrick Brass BandThe Floral Dance
37.1%
The TweetsThe Birdie Song (Birdie Dance)
37.1%
LemarDance (With U)
35.5%
2 UnlimitedTribal Dance
33.9%
Act Single % Correct
Rick AstleyShe Wants To Dance With Me
32.3%
Ronan KeatingI Hope You Dance
32.3%
Liquid GoldDance Yourself Dizzy
30.6%
ProdigyNo Good (Start The Dance)
30.6%
ProdigyWarrior's Dance
30.6%
Bob Sinclar and Cutee BRock This Party (Everybody Dance Now)
27.4%
StingWhen We Dance
25.8%
The VampsCan We Dance
25.8%
Cozy PowellDance With The Devil
24.2%
Phil CollinsDance Into The Light
21%
N-Dubz feat. BodyroxWe Dance On
21%
Break MachineStreet Dance
19.4%
Tina CharlesDance Little Lady, Dance
17.7%
SisqóDance For Me
17.7%
The ShadowsDance On!
16.1%
Beatmasters feat. Betty BooHey DJ (I Can't Dance To That Music You're Playing)
14.5%
Lazy TownBing Bang (Time To Dance)
14.5%
Des Mitchell(Welcome) To The Dance
11.3%
Cliff Richard & Norrie Paramor OrchestraDo You Want To Dance
9.7%
Barry BlueDo You Wanna Dance
9.7%
Love SculptureSabre Dance
6.5%
Duane Eddy and The Rebelettes(Dance With The) Guitar Man
3.2%
Marcello MinerbiZorba's Dance
3.2%
Disco Tex and The Sex-O-LettesI Wanna Dance Wit' Choo
3.2%
Remove Ads.
Support Sporcle.
Get the best of Sporcle when you Go Orange. This ad-free experience offers more features, more stats, and more fun while also helping to support Sporcle. Thank you for becoming a member.

You're not logged in!

Compare scores with friends on all Sporcle quizzes.
OR
Log In

Show Comments

Extras

Created Oct 27, 2013ReportNominate
Tags:Act, dance, hit, peak, Single

Top Quizzes Today


Score Distribution

Your Account Isn't Verified!

In order to create a playlist on Sporcle, you need to verify the email address you used during registration. Go to your Sporcle Settings to finish the process.

Report this User

Report this user for behavior that violates our Community Guidelines.

Details: